[Event "EWCCC Online Preliminary-D 2020"]
[Site "Online"]
[Date "2020.12.19"]
[Round "3.1"]
[White "Matnadze, Ana"]
[Black "Gunina, Valentina"]
[Result "0-1"]
[WhiteElo "2421"]
[BlackElo "2451"]
[Annotator "TA"]
[PlyCount "240"]
[EventDate "2020.12.19"]
[EventType "team-tourn"]
[EventCountry "NET"]
[SourceTitle "playchess.com"]
[Source "ChessBase"]
[SourceQuality "1"]

{[%evp 18,240,0,0,0,0,0,-17,-12,-7,-5,-10,-14,-41,-42,-40,-44,-44,-36,-96,-77,-201,-195,-320,-309,-318,-304,-306,-295,-349,-344,-329,-342,-350,-90,-90,-90,-90,-89,-89,-89,-90,-89,-89,-89,-89,-89,-89,-85,-87,-55,-179,-176,-204,-204,-202,-199,-209,-209,-226,-226,-226,-226,-226,-226,-226,-226,-226,-226,-226,-226,-226,-226,-226,-226,-226,-226,-226,-226,-226,-225,-226,-226,-226,-226,-226,-191,-192,-192,-192,-192,-192,-192,-192,-191,-191,-191,-191,-191,-191,-191,-191,-191,-191,-191,-191,-93,-93,-93,-191,-93,-93,-93,-93,-93,-93,-93,-93,-93,-93,-93,-93,-93,-93,-93,-93,-93,-93,-93,-93,-93,-93,-93,-93,-93,-93,-93,-93,-93,-93,-93,-93,-93,-93,-93,-93,-93,-93,-93,-93,-93,-93,-93,-93,-93,-93,-93,-93,-93,-93,-93,-93,-85,-93,-93,-93,-93,-93,-71,-92,-66,-66,-66,-93,-93,-93,-66,-109,-66,-66,-66,-66,-66,-71,-66,-66,-66,-71,-71,-71,-71,-71,0,-29,-28,-36,-36,-70,-34,-68,0,0,0,-158,0,0,0,-158,-158,-158,-158,-158,-151,-158,-158,-163,-138,-196,-181,-218,-218,-451,-406,-29986,-29987]} 1. d4 d5 2. Nf3 Nf6 3. g3 Bf5 4. Bg2 c6 5. O-O h6 6. c4 e6 7. Nc3 Be7 8. Qb3 Qb6 9. c5 Qxb3 10. axb3 O-O $1 {[%mdl 4] outshines the older 10...Na6. D11: Slav Defence: 3 Nf3 sidelines and 3...Nf6 4 e3 Bg4.} 11. b4 a6 12. b5 cxb5 {The position is equal.} 13. Nxb5 Nc6 14. Nc3 Nd7 {[#]} 15. h4 $146 ({Predecessor:} 15. Na2 b6 16. b4 bxc5 17. bxc5 Bf6 18. e3 Nxc5 19. Ba3 Nb3 20. Bxf8 Nxa1 21. Bd6 {½-½ (76) Oparin,G (2652)-Salinas Herrera,P (2514) chess.com INT 2020}) 15... b6 16. cxb6 Nxb6 17. Bf4 Nc4 18. b3 (18. Rfc1 $15) 18... N4a5 $17 19. Nd2 (19. e4 $17 {was necessary.} Bxe4 20. Nxe4 dxe4 21. Ne5) 19... Bb4 $19 20. Nxd5 (20. e4 {might work better.} Bxc3 21. exf5) 20... exd5 21. Bxd5 Rad8 22. e4 Nxd4 23. Kg2 Be6 24. Ra4 Bxd5 25. Rxb4 Ndc6 $2 ({Not} 25... Bxb3 26. Ra1 $19) ({Inferior is} 25... Ndxb3 26. exd5 Nxd2 27. Bxd2 $11) (25... Bc6 $19 {and Black stays clearly on top.} 26. Rb6 Bb5) 26. Rb6 $17 Be6 27. b4 Nc4 28. Nxc4 Bxc4 29. Rxc6 Bxf1+ 30. Kxf1 {[%mdl 4096] Endgame KRR-KRB} Ra8 31. Ke2 Rfc8 32. Rb6 Rc4 33. Kf3 f6 34. Be3 (34. e5 $15) 34... Re8 $19 35. Bd2 Rd4 ({Don't take} 35... Rexe4 36. Rxa6 Re5 37. Rb6 $17) 36. Be3 Rdxe4 37. Rxa6 Rxb4 38. Ra7 h5 39. Rc7 Re5 40. Rc8+ Kh7 41. Rc7 Kg6 42. Ra7 Rf5+ 43. Kg2 Rb2 44. Rc7 Rfb5 45. Bd4 Rb7 46. Rc6 Ra2 47. Be3 Re7 48. Kf3 Kf5 49. Rc5+ Re5 50. Rc8 Rd5 51. Rg8 g6 52. Rf8 Rc2 53. Bg5 Rd3+ 54. Be3 Rb3 55. Rg8 Rcb2 56. Rc8 Rb5 57. Rc6 R2b4 58. Bd2 Rb3+ 59. Kg2 Rb6 60. Rc5+ Ke4 61. Rc8 {Cut Off at move 61} Kd3 (61... Re6 $19 62. Be3 Ra6 63. Rc4+ Kd5 64. Rc5+ Ke6) 62. Bf4 $17 Ra6 63. Rd8+ (63. Rg8 $17) 63... Kc2 (63... Ke4 $19 64. Rc8 Rb5) 64. Rg8 f5 65. Rc8+ Rc3 66. Re8 Rcc6 67. Kf3 Kd3 68. Rd8+ Kc4 69. Be3 Rd6 70. Rc8+ Kd3 71. Rb8 Ra2 72. Rb3+ Kc2 73. Rb8 Rc6 74. Rd8 Ra3 75. Ke2 Ra4 76. Kf3 Re4 77. Rd2+ Kc3 {White must now prevent ...Rxe3+!} 78. Rd1 Ra6 79. Rc1+ Kb3 80. Rc8 Rc4 81. Rd8 Kc3 82. Bd2+ Kc2 83. Be3 Rc3 84. Rd2+ Kb3 85. Rd8 Re6 86. Rb8+ Kc2 87. Rd8 Rb3 88. Rc8+ Kd3 89. Rd8+ Kc4 90. Rd4+ Kb5 91. Rd8 Kc6 92. Rc8+ Kd7 93. Ra8 Rc6 94. Ra7+ Ke6 95. Rg7 Ke5 96. Re7+ Re6 97. Rd7 Kf6 98. Ra7 Re7 99. Ra6+ Kf7 100. Rc6 Rd3 101. Ra6 Red7 102. Rb6 R7d6 103. Rb7+ Ke6 104. Rg7 Kd5 (104... Kf6 $17 105. Rc7 Rb3) 105. Re7 Kc6 106. Rg7 Ra3 {And now ...Kd5 would win.} 107. Rg8 Re6 {Threatens to win with ...Kd5.} 108. Rd8 Re4 (108... f4 $1 $15 109. Kxf4 Ra5) 109. Rg8 $11 Rg4 {Hoping for ...f4!} 110. Rh8 $2 {[#]} (110. Kg2 $11) 110... Kd5 $2 ({Better is} 110... f4 $1 $17 {[%cal Rf4e3]} 111. gxf4 Ra5) 111. Rd8+ Ke6 {...f4! is the strong threat.} 112. Re8+ $2 (112. Kg2 $1 $11) 112... Kf7 $17 113. Rb8 {[#]} f4 $1 {[%cal Rf4e3][%mdl 64] Pin} 114. Rb7+ (114. gxf4 Ra6) 114... Ke8 115. Rb8+ Kd7 116. gxf4 Rxh4 117. Rh8 (117. Rb7+ $17 Ke6 118. Rb6+ Kf7 119. Rb7+ Ke8 120. Rb8+ Kd7 121. Rb7+ Kd8 122. Rg7) 117... Ra6 118. Rh6 Rg4 119. f5 $2 (119. Rh7+ Ke6 120. Rh8) 119... Rf6 $19 120. Rxg6 (120. Rh7+ $19 Kc6 121. Ke2 Rxf5 122. Ra7) 120... Rxf5+ {Weighted Error Value: White=0.13/Black=0.11} 0-1

[Event "EWCCC Online Preliminary-D 2020"]
[Site "Online"]
[Date "2020.12.19"]
[Round "3.1"]
[White "Maltsevskaya, Aleksandra"]
[Black "Maisuradze, Nino"]
[Result "1/2-1/2"]
[WhiteElo "2311"]
[BlackElo "2214"]
[Annotator "TA"]
[PlyCount "115"]
[EventDate "2020.12.19"]
[EventType "team-tourn"]
[EventCountry "NET"]
[SourceTitle "playchess.com"]
[Source "ChessBase"]
[SourceQuality "1"]

{[%evp 18,115,45,35,45,42,69,41,66,47,49,46,45,31,19,26,22,-66,-64,-55,-54,-56,-49,-29,-45,-55,0,-4,14,0,81,-35,85,0,0,0,0,-172,-160,-202,-174,-125,7,10,4,0,0,0,0,-7,-8,-8,-16,-12,-11,-45,-46,-55,-53,-53,-53,-53,-53,-57,-50,-155,-145,-141,-3,-3,0,0,0,0,0,0,0,-20,0,-14,-8,-54,-54,-54,-54,-56,0,0,0,0,0,0,0,0,0,0,0,0,0,0]} 1. e4 c5 2. Nf3 Nc6 3. d4 cxd4 4. Nxd4 e5 5. Nb5 d6 6. N1c3 a6 7. Na3 b5 8. Nd5 Nge7 9. c4 Nd4 10. Bd3 $1 {[%cal Rc4b5][%mdl 4] is recently more successful than 10.cxb5.} Nxd5 {B32: Sicilian: Löwenthal and Kalashnikov Variations.} 11. exd5 Be7 12. O-O O-O {White is slightly better.} 13. Be3 Nf5 14. Bd2 Bf6 {[#]} 15. cxb5 $146 (15. Qb1 {is interesting.} g6 16. cxb5 Bg7 17. Re1 Nd4 18. Bc3) ({Predecessor:} 15. Qb1 Nh4 16. Bxh7+ Kh8 17. Bd3 Bg5 18. Qc1 Bxd2 19. Qxd2 Bh3 20. Be4 f5 21. Qe3 Bxg2 22. Bxg2 {0-1 (30) Srbis,J (2250)-Kanarek,M (2422) Pardubice 2009}) 15... e4 16. Bxe4 {Strongly threatening Bc3.} Bxb2 {[%mdl 64] Double Attack} 17. b6 (17. Rb1 $11 Bxa3 18. b6 (18. Qf3 Bc5 $11)) 17... Bxa1 $15 18. Qxa1 {Hoping for Qb1.} Qxb6 19. Nc4 Qc5 20. Rc1 {Black must now prevent Ne3.} Qd4 21. Qb1 Qf6 (21... g6 $15) 22. Qd3 Rb8 23. h3 h6 (23... Nh4 $11) 24. Na5 (24. Bc3 $1 $16 {[%cal Rc3f6]} Qh4 25. g4) 24... Re8 {[#]} (24... Nh4 $15 {stays ahead.}) 25. Nc6 (25. Rxc8 $1 $16 {[%mdl 512]} Rbxc8 26. Bxf5) 25... Rb7 $11 26. Re1 Bd7 27. Kh2 $2 {[#]} (27. Bc3 $11 {and White is okay.} Qg5 28. Bd2 (28. Qxa6 Nh4 $17)) 27... Nh4 $1 $19 28. Qg3 Ng6 29. Bxg6 Qxg6 (29... fxg6 $17 30. Bc3 Qf8 31. Rxe8 Bxe8) 30. Ne7+ $11 Rxe7 $1 31. Rxe7 Qxg3+ 32. Kxg3 {[%mdl 4096] Endgame KRB-KRB} Kf8 33. Re3 Rb2 34. Bc3 Rxa2 35. Bb4 Kg8 36. Bxd6 Rd2 37. Re5 f6 38. Re7 Bb5 39. Ra7 Rxd5 40. Be7 Bf1 {Threatens to win with ...Rg5+.} 41. Ra8+ (41. Kh2 $15) 41... Kf7 $17 42. Ra7 Kg6 ({Better is} 42... Rg5+ $1 $17 43. Kf4 Rxg2 44. Bc5+ Kg8) 43. Bf8 $11 a5 44. Rxg7+ Kf5 45. Ra7 h5 46. Bg7 Kg6 47. Bh8 Rg5+ 48. Kf4 Rxg2 49. Rg7+ Kh6 50. Rxg2 Bxg2 51. Bxf6 $15 {KB-KB} a4 ({Black should play} 51... Bxh3 $15 52. Kg3 Be6) 52. h4 $11 {The position is equal.} a3 53. Ba1 a2 54. Ke5 Kg6 55. f4 Bh3 56. Ke4 Bf5+ 57. Ke5 Bb1 58. Ke6 {Weighted Error Value: White=0.25/Black=0.22} 1/2-1/2

[Event "EWCCC Online Preliminary-D 2020"]
[Site "Online"]
[Date "2020.12.19"]
[Round "3.1"]
[White "Sandu, Mihaela"]
[Black "Salimova, Nurgyul"]
[Result "0-1"]
[WhiteElo "2268"]
[BlackElo "2397"]
[Annotator "TA"]
[PlyCount "58"]
[EventDate "2020.12.19"]
[EventType "team-tourn"]
[EventCountry "NET"]
[SourceTitle "playchess.com"]
[Source "ChessBase"]
[SourceQuality "1"]

{[%evp 10,58,23,24,38,16,25,0,22,-80,-65,-89,-55,-83,-70,-104,-97,-98,-89,-123,-114,-108,-109,-182,-193,-176,-175,-190,-195,-171,-180,-331,-314,-361,-364,-577,-563,-885,-883,-1033,-982,-1027,-1030,-1181,-1151,-1258,-1247,-1143,-985,-1570,-1543]} 1. e4 c6 2. d4 d5 3. e5 Bf5 4. Nf3 e6 5. Be2 Ne7 6. O-O Ng6 {6...h6 is the recent fashion. B12: Caro-Kann: Advance Variation.} 7. Re1 Nd7 {[#]} 8. a4 $146 ({Predecessor:} 8. Nbd2 f6 9. c4 Be7 10. Nf1 O-O 11. exf6 Bxf6 12. Ng3 Be4 13. Be3 Nb6 14. b3 Bxf3 15. Bxf3 dxc4 {0-1 (39) Azarov,S (2604)-Svane,R (2613) Chess.com INT 2020}) 8... f6 {The position is equal.} 9. c4 (9. exf6 $11 {keeps the balance.} Qxf6 10. c4) 9... fxe5 $17 10. cxd5 cxd5 11. dxe5 Bc5 $1 ({Don't play} 11... Ngxe5 $6 12. Nc3 $11) 12. Nd4 O-O 13. Be3 Ngxe5 14. Nc3 Bxd4 15. Bxd4 Nc6 {Strongly threatening ...e5.} 16. Bf3 {[#]} (16. Be3 $17 {was called for.}) 16... Kh8 $1 $19 17. Nb5 e5 18. Be3 d4 19. Bd2 Qf6 20. Nc7 $2 (20. b4 {might work better.}) 20... Rac8 21. Nd5 Qd6 22. Qb3 (22. b4 {was necessary.} e4 23. Rxe4 Qxd5 {[#]} 24. Re8 $1 {[%mdl 512]}) 22... Nc5 {Black is clearly winning.} 23. Qc4 Bd3 24. Qc1 Nb3 {[%mdl 64] Double Attack} 25. Qd1 Nxa1 26. Qxa1 {[#]} Rxf3 $1 {[%mdl 64] Remove Defender} 27. gxf3 Qxd5 28. Qd1 Rf8 29. Kg2 Bg6 {White got outplayed after the opening.  Weighted Error Value: White=0.87/Black=0.04} 0-1

[Event "EWCCC Online Preliminary-D 2020"]
[Site "Online"]
[Date "2020.12.19"]
[Round "3.2"]
[White "Unuk, Laura"]
[Black "Jose Polanco, Kenia"]
[Result "1-0"]
[WhiteElo "2346"]
[BlackElo "1828"]
[Annotator "TA"]
[PlyCount "109"]
[EventDate "2020.12.19"]
[EventType "team-tourn"]
[EventCountry "NET"]
[SourceTitle "playchess.com"]
[Source "ChessBase"]
[SourceQuality "1"]

{[%evp 9,109,60,66,63,64,56,57,60,55,62,91,81,102,108,142,137,135,117,174,140,147,109,109,116,106,87,152,140,121,80,68,83,97,58,74,55,59,32,39,29,58,0,7,-75,-68,-85,-50,-71,-52,-85,-19,-38,172,176,183,179,231,227,345,295,353,266,264,246,287,285,292,199,290,256,273,272,289,260,912,861,5658,5658,5285,5173,4714,4814,2668,1923,6311,6275,5858,5740,29967,29971,29973,29973,29976,29977,29980,29982,29982,29982,29983,29984,29984,29985]} 1. d4 d5 2. c4 c6 3. Nf3 e6 4. Qc2 f5 5. Bf4 Bd6 6. e3 {A84: Dutch Defence: 2 c4 Miscellaneous.} Nf6 7. Bd3 {was the old line (7.Nc3).} Ne4 8. O-O {White is slightly better.} O-O 9. Nc3 Qc7 10. g3 (10. Nxe4 dxe4 11. Bxd6 Qxd6 $17) 10... Nxc3 11. Qxc3 {[#]} b6 $146 ({Predecessor:} 11... Qd8 12. c5 Be7 13. b4 g5 14. Bxb8 Rxb8 15. b5 Bd7 16. a4 Bf6 17. Rab1 Qe8 18. Qa5 g4 19. Ne5 Bxe5 20. dxe5 Qc8 21. Rfc1 h5 22. Rc2 Rf7 {1-0 (22) Kantorik,M (2390)-Lacha,J (1981) Teplice 2010}) 12. Rac1 Qe7 13. a3 h6 (13... a5 $16) 14. c5 Bc7 15. Bxc7 Qxc7 16. cxb6 axb6 17. b4 Qa7 (17... Bb7 $142) 18. Ra1 Ba6 19. Rfc1 Bxd3 20. Qxd3 Rc8 21. Ne5 c5 22. dxc5 bxc5 23. b5 Qc7 24. Qc3 Ra4 25. h4 (25. Qc2 $14 Re4 26. Nf3) 25... Nd7 26. Nc6 (26. Nxd7 $11 Qxd7 27. Qb3) 26... Qd6 $17 27. Qb2 Nb6 28. Ne5 Rca8 29. h5 c4 (29... R4a7 $17 {aiming for ...Na4.} 30. Nc6 Rb7) 30. Qd4 $11 c3 $2 {Loses the game.} (30... Qc7 $15 {keeps the upper hand.}) 31. Qxc3 $18 Nc4 32. Nxc4 Rxc4 (32... dxc4 {was called for.} 33. Rd1 Qc7) 33. Qb2 Rxc1+ (33... e5 $142 34. Rxc4 dxc4) 34. Qxc1 {[%mdl 4096] Endgame KQR-KQR} (34. Rxc1 Qxa3 35. Rc8+ Kh7 $16) 34... d4 35. a4 {[%cal Ba3a4,Ba4a5,Ba5a6,Ba6a7][%mdl 32]} d3 36. Qc4 d2 {[#]} 37. Rd1 $1 Rd8 38. Kf1 Kh7 (38... Kh8 {is a better defense.} 39. a5 Qa3) 39. a5 Qa3 40. a6 {Strongly threatening b6.} ({And not} 40. Qxe6 Qd3+ 41. Kg2 Qc2 $11) 40... Qa5 41. Ke2 ({Not} 41. Qxe6 Qxb5+ 42. Kg2 Kh8 $16) 41... Rb8 $2 (41... e5 42. Qc5 f4 43. gxf4 (43. Qxe5 fxg3 44. fxg3 Qb4 $14) 43... exf4 44. exf4 Kh8) 42. Rxd2 Qxb5 43. Qxb5 Rxb5 {KR-KR} 44. Ra2 {[#] Intending a7 and mate.} Rb8 45. a7 Ra8 46. Kd3 g6 47. hxg6+ Kxg6 48. Kd4 Kf6 49. Kc5 {White mates.} e5 50. Kb6 f4 51. exf4 exf4 52. Kb7 Rxa7+ 53. Kxa7 fxg3 54. fxg3 Kg5 55. Ra4 {Weighted Error Value: White=0.19/Black=0.39} 1-0

[Event "EWCCC Online Preliminary-D 2020"]
[Site "Online"]
[Date "2020.12.19"]
[Round "3.2"]
[White "Hrescak, Ivana"]
[Black "Rubsamen, Anais"]
[Result "1-0"]
[WhiteElo "2212"]
[BlackElo "1692"]
[Annotator "NA"]
[PlyCount "78"]
[EventDate "2020.12.19"]
[EventType "team-tourn"]
[EventCountry "NET"]
[SourceTitle "playchess.com"]
[Source "ChessBase"]
[SourceQuality "1"]
[TimeControl "900+5"]

1. d4 {[%emt 0:00:03]} Nf6 {[%emt 0:00:04]} 2. c4 {[%emt 0:00:03]} g6 {[%emt 0:00:01]} 3. Nc3 {[%emt 0:00:02]} d5 {[%emt 0:00:08]} 4. cxd5 {[%emt 0:00:02]} Nxd5 {[%emt 0:00:02]} 5. e4 {[%emt 0:00:02]} Nxc3 {[%emt 0:00:03]} 6. bxc3 {[%emt 0:00:02]} Bg7 {[%emt 0:00:02]} 7. Nf3 {[%emt 0:00:07]} O-O {[%emt 0:00:03]} 8. Rb1 {[%emt 0:00:08]} c5 {[%emt 0:00:21]} 9. Rb3 {[%emt 0:01:01]} Qa5 {[%emt 0:01:56]} 10. Qd2 {[%emt 0:00:43]} Rd8 {[%emt 0:01:30]} 11. d5 {[%emt 0:00:41]} Bd7 {[%emt 0:01:49]} 12. c4 {[%emt 0:00:17]} Qxd2+ {[%emt 0:01:27]} 13. Bxd2 {[%emt 0:00:06]} b6 {[%emt 0:00:02]} 14. Be2 {[%emt 0:00:25]} Ba4 {[%emt 0:01:15]} 15. Ra3 {[%emt 0:00:24]} Bc2 {[%emt 0:00:07]} 16. e5 {[%emt 0:00:45]} Nd7 {[%emt 0:00:14]} 17. Bf4 {[%emt 0:00:44]} g5 {[%emt 0:01:58]} 18. Bxg5 {[%emt 0:00:10]} Nxe5 {[%emt 0:00:02]} 19. Nxe5 {[%emt 0:00:23]} Bxe5 {[%emt 0:00:08]} 20. Bxe7 {[%emt 0:00:44]} Re8 {[%emt 0:00:04]} 21. Bg5 {[%emt 0:00:13]} Bd4 {[%emt 0:00:47]} 22. Rg3 {[%emt 0:01:43]} Kh8 {[%emt 0:00:09]} 23. Be3 {[%emt 0:00:16]} Be5 {[%emt 0:01:25]} 24. f4 {[%emt 0:00:21]} Bd4 {[%emt 0:00:17]} 25. Bxd4+ {[%emt 0:00:37]} cxd4 {[%emt 0:00:03]} 26. Kd2 {[%emt 0:00:02]} Be4 {[%emt 0:01:08]} 27. Bd3 {[%emt 0:00:15]} f5 {[%emt 0:00:02]} 28. Re1 {[%emt 0:00:39]} Rac8 {[%emt 0:00:09]} 29. Rg5 {[%emt 0:00:30]} h6 {[%emt 0:00:34]} 30. Rg6 {[%emt 0:00:17]} Kh7 {[%emt 0:00:03]} 31. Rd6 {[%emt 0:00:07]} Re7 {[%emt 0:01:24]} 32. g4 {[%emt 0:00:37]} Rce8 {[%emt 0:00:16]} 33. gxf5 {[%emt 0:00:13]} Kg8 {[%emt 0:00:03]} 34. Re6 {[%emt 0:00:32]} Rxe6 {[%emt 0:00:09]} 35. fxe6 {[%emt 0:00:03]} Bf3 {[%emt 0:00:02]} 36. f5 {[%emt 0:00:04]} Kf8 {[%emt 0:00:04]} 37. f6 {[%emt 0:00:03]} h5 {[%emt 0:00:02]} 38. Bg6 {[%emt 0:00:04]} Rc8 {[%emt 0:00:03]} 39. e7+ {[%emt 0:00:02]} Kg8 {[%emt 0:00:03]} 1-0

[Event "EWCCC Online Preliminary-D 2020"]
[Site "Online"]
[Date "2020.12.19"]
[Round "3.2"]
[White "Berezovska, Svetlana"]
[Black "Heinemann, Josefine"]
[Result "0-1"]
[WhiteElo "1793"]
[BlackElo "2302"]
[Annotator "TA"]
[PlyCount "58"]
[EventDate "2020.12.19"]
[EventType "team-tourn"]
[EventCountry "NET"]
[SourceTitle "playchess.com"]
[Source "ChessBase"]
[SourceQuality "1"]

{[%evp 12,58,12,0,29,24,33,18,19,20,21,0,10,0,0,0,0,-57,-14,-61,-62,-69,-27,-66,-25,-37,-24,-25,-25,-25,0,-25,-25,-40,408,406,343,87,86,-110,-112,-84,-85,-95,-93,-97,-90,-219,-224]} 1. e4 c5 2. Nf3 d6 3. d4 cxd4 4. Nxd4 Nf6 5. Nc3 a6 6. h3 e5 7. Nde2 h5 {B90: Sicilian Najdorf: Unusual White 6th moves, 6 Be3 Ng4 and 6 Be3 e5.} 8. Bg5 Be6 9. Bxf6 Qxf6 {The position is equal.} 10. Nd5 Qd8 11. Nec3 Nc6 12. Be2 g6 13. O-O Bh6 14. Qd3 (14. Ne3 $11) 14... O-O 15. Rad1 Rc8 {[#]} 16. Qg3 $146 ({Predecessor:} 16. Kh1 Qh4 17. Qg3 Qxg3 18. fxg3 f5 19. Bc4 Rce8 20. exf5 gxf5 21. Be2 Nd4 22. Bxh5 {0-1 (41) Ibrahimova,S (2091)-Bodnaruk,A (2414) Athens 2012}) 16... Kh7 17. f4 Bxd5 18. Nxd5 Nd4 19. Rxd4 exd4 20. Bd3 b5 21. Qf2 Bg7 22. Qg3 f5 $2 {[%mdl 8192] [#]} (22... Rb8 $15 {keeps the upper hand.}) 23. exf5 $18 gxf5 24. Qf3 $2 (24. Re1 $18 Rf7 25. Re6) 24... Qe8 $16 25. Qf2 $2 (25. g4 $16 {and life is bright.}) 25... Qf7 $17 26. Qf3 {[#]} Rc5 $1 {[%cal Rc5d5]} 27. Nb4 a5 28. Na6 Rcc8 29. Bxb5 (29. Qe2 $17) 29... Rxc2 {Never resign too early!  Weighted Error Value: White=0.48/Black=0.43} 0-1

[Event "EWCCC Online Preliminary-D 2020"]
[Site "Online"]
[Date "2020.12.19"]
[Round "3.2"]
[White "Berezovsky, Fiorina"]
[Black "Kordzadze, Nino"]
[Result "0-1"]
[WhiteElo "1665"]
[BlackElo "2015"]
[Annotator "NA"]
[PlyCount "82"]
[EventDate "2020.12.19"]
[EventType "team-tourn"]
[EventCountry "NET"]
[SourceTitle "playchess.com"]
[Source "ChessBase"]
[SourceQuality "1"]
[TimeControl "900+5"]

1. d4 {[%emt 0:00:04]} e6 {[%emt 0:10:28]} 2. e4 {[%emt 0:00:10]} d5 {[%emt 0:00:02]} 3. e5 {[%emt 0:00:03]} c5 {[%emt 0:00:02]} 4. c3 {[%emt 0:00:03]} Nc6 {[%emt 0:00:03]} 5. Nf3 {[%emt 0:00:04]} Bd7 {[%emt 0:00:02]} 6. Bb5 {[%emt 0:00:16]} Qb6 {[%emt 0:00:04]} 7. a4 {[%emt 0:00:19]} a6 {[%emt 0:00:02]} 8. Be2 {[%emt 0:00:06]} cxd4 {[%emt 0:00:07]} 9. cxd4 {[%emt 0:00:05]} Nge7 {[%emt 0:00:19]} 10. O-O {[%emt 0:00:05]} Nf5 {[%emt 0:00:05]} 11. a5 {[%emt 0:00:13]} Nxa5 {[%emt 0:00:40]} 12. Nc3 {[%emt 0:00:55]} Rc8 {[%emt 0:01:00]} 13. Na4 {[%emt 0:00:15]} Qc7 {[%emt 0:00:04]} 14. Bd2 {[%emt 0:00:17]} Nc4 {[%emt 0:00:24]} 15. b3 {[%emt 0:00:28]} Nxd2 {[%emt 0:00:02]} 16. Qxd2 {[%emt 0:00:04]} Be7 {[%emt 0:00:10]} 17. b4 {[%emt 0:00:05]} O-O {[%emt 0:00:06]} 18. Rac1 {[%emt 0:00:06]} Bc6 {[%emt 0:00:10]} 19. b5 {[%emt 0:00:12]} axb5 {[%emt 0:00:06]} 20. Bxb5 {[%emt 0:00:04]} Ra8 {[%emt 0:00:14]} 21. Bxc6 {[%emt 0:00:20]} bxc6 {[%emt 0:00:03]} 22. Ra1 {[%emt 0:00:15]} Rfb8 {[%emt 0:00:07]} 23. g4 {[%emt 0:00:21]} Nh6 {[%emt 0:00:20]} 24. h3 {[%emt 0:00:14]} f6 {[%emt 0:00:41]} 25. Rfe1 {[%emt 0:00:34]} Bb4 {[%emt 0:00:04]} 26. Nc3 {[%emt 0:00:38]} Rxa1 {[%emt 0:00:08]} 27. Rxa1 {[%emt 0:00:04]} Nf7 {[%emt 0:00:01]} 28. Qe3 {[%emt 0:00:11]} fxe5 {[%emt 0:00:12]} 29. dxe5 {[%emt 0:00:24]} c5 {[%emt 0:00:06]} 30. Nxd5 {[%emt 0:00:29]} exd5 {[%emt 0:00:08]} 31. e6 {[%emt 0:00:02]} Nd6 {[%emt 0:00:21]} 32. e7 {[%emt 0:00:07]} Ne4 {[%emt 0:00:11]} 33. Ng5 {[%emt 0:00:40]} Qxe7 {[%emt 0:00:08]} 34. Qf4 {[%emt 0:00:22]} Rf8 {[%emt 0:00:14]} 35. Ra8 {[%emt 0:03:23]} Rxa8 {[%emt 0:00:10]} 36. Qf5 {[%emt 0:00:27]} Qxg5 {[%emt 0:00:11]} 37. Qe6+ {[%emt 0:00:07]} Kh8 {[%emt 0:00:03]} 38. Qc6 {[%emt 0:00:14]} Rf8 {[%emt 0:00:03]} 39. f3 {[%emt 0:00:04]} Qe3+ {[%emt 0:00:04]} 40. Kh2 {[%emt 0:00:12]} Qf2+ {[%emt 0:00:05]} 41. Kh1 {[%emt 0:00:04]} Ng3# {[%emt 0:00:01]} 0-1

[Event "EWCCC Online Preliminary-D 2020"]
[Site "Online"]
[Date "2020.12.19"]
[Round "3.3"]
[White "Corke, Anya S"]
[Black "Dubovyk, Anastasiia"]
[Result "0-1"]
[WhiteElo "2255"]
[BlackElo "1971"]
[Annotator "NA"]
[PlyCount "98"]
[EventDate "2020.12.19"]
[EventType "team-tourn"]
[EventCountry "NET"]
[SourceTitle "playchess.com"]
[Source "ChessBase"]
[SourceQuality "1"]
[TimeControl "900+5"]

1. d4 {[%emt 0:00:00]} Nf6 {[%emt 0:00:03]} 2. Bg5 {[%emt 0:00:04]} Ne4 {[%emt 0:00:03]} 3. Bf4 {[%emt 0:00:03]} d5 {[%emt 0:00:10]} 4. f3 {[%emt 0:00:04]} Nf6 {[%emt 0:00:02]} 5. e4 {[%emt 0:00:02]} dxe4 {[%emt 0:00:12]} 6. Nc3 {[%emt 0:00:02]} exf3 {[%emt 0:00:03]} 7. Nxf3 {[%emt 0:00:02]} Bg4 {[%emt 0:00:03]} 8. Bc4 {[%emt 0:00:12]} e6 {[%emt 0:00:03]} 9. Qe2 {[%emt 0:00:29]} Nc6 {[%emt 0:00:07]} 10. O-O-O {[%emt 0:00:17]} Be7 {[%emt 0:00:05]} 11. h3 {[%emt 0:00:21]} Bxf3 {[%emt 0:00:06]} 12. Qxf3 {[%emt 0:00:02]} O-O {[%emt 0:00:07]} 13. g4 {[%emt 0:01:24]} Nxd4 {[%emt 0:00:20]} 14. Qxb7 {[%emt 0:00:14]} c5 {[%emt 0:00:13]} 15. Nb5 {[%emt 0:00:57]} a6 {[%emt 0:00:32]} 16. Nc7 {[%emt 0:01:14]} Qd7 {[%emt 0:00:32]} 17. c3 {[%emt 0:01:06]} Rfb8 {[%emt 0:01:29]} 18. Qg2 {[%emt 0:01:52]} Ra7 {[%emt 0:00:12]} 19. cxd4 {[%emt 0:00:15]} Rxc7 {[%emt 0:00:17]} 20. Bxc7 {[%emt 0:00:05]} Qxc7 {[%emt 0:00:03]} 21. Kb1 {[%emt 0:01:27]} cxd4 {[%emt 0:00:30]} 22. Bb3 {[%emt 0:01:11]} Qd7 {[%emt 0:01:03]} 23. g5 {[%emt 0:00:13]} Ne8 {[%emt 0:00:17]} 24. Qg4 {[%emt 0:00:29]} Rb4 {[%emt 0:02:20]} 25. Rhf1 {[%emt 0:01:01]} Nc7 {[%emt 0:00:19]} 26. h4 {[%emt 0:00:48]} a5 {[%emt 0:00:05]} 27. Qf3 {[%emt 0:00:35]} Bf8 {[%emt 0:00:23]} 28. Qd3 {[%emt 0:00:29]} a4 {[%emt 0:00:07]} 29. Bc2 {[%emt 0:00:03]} g6 {[%emt 0:00:10]} 30. a3 {[%emt 0:00:02]} Rb8 {[%emt 0:00:46]} 31. Qxd4 {[%emt 0:00:16]} Qxd4 {[%emt 0:00:16]} 32. Rxd4 {[%emt 0:00:02]} Bxa3 {[%emt 0:00:02]} 33. Rxa4 {[%emt 0:00:08]} Bxb2 {[%emt 0:00:09]} 34. Ka2 {[%emt 0:00:04]} Nd5 {[%emt 0:00:08]} 35. Rf3 {[%emt 0:01:04]} Nc3+ {[%emt 0:00:42]} 36. Rxc3 {[%emt 0:00:03]} Bxc3 {[%emt 0:00:01]} 37. Bb3 {[%emt 0:00:10]} Rb7 {[%emt 0:00:19]} 38. Rc4 {[%emt 0:00:08]} Be1 {[%emt 0:00:10]} 39. Re4 {[%emt 0:00:09]} Bg3 {[%emt 0:00:13]} 40. Rg4 {[%emt 0:00:22]} Bh2 {[%emt 0:00:08]} 41. h5 {[%emt 0:00:08]} gxh5 {[%emt 0:00:23]} 42. Rh4 {[%emt 0:00:02]} Be5 {[%emt 0:00:24]} 43. Rxh5 {[%emt 0:00:03]} Ra7+ {[%emt 0:00:05]} 44. Kb1 {[%emt 0:00:03]} Ra1+ {[%emt 0:00:02]} 45. Kc2 {[%emt 0:00:01]} Rg1 {[%emt 0:00:04]} 46. g6 {[%emt 0:00:12]} Rg2+ {[%emt 0:00:29]} 47. Kd3 {[%emt 0:00:16]} Rg3+ {[%emt 0:00:13]} 48. Ke4 {[%emt 0:00:16]} hxg6 {[%emt 0:00:08]} 49. Rxe5 {[%emt 0:00:15]} Rxb3 {[%emt 0:00:02]} 0-1